[Event "July 1800+"]
[Site "SchemingMind.com"]
[Date "2015.07.22"]
[Round "-"]
[White "Stephen Woodhouse"]
[Black "frankly"]
[Result "0-1"]
[WhiteCountry "ENG"]
[BlackCountry "ENG"]
[WhiteElo "1872"]
[WhiteRD "48"]
[BlackElo "2436"]
[BlackRD "60"]
[GameID "383784"]

1. e4 c5 2. c3 e6 3. d4 d5 4. exd5 exd5 5. Nf3 Nc6 6. Bb5 Nf6 7. O-O Be7 8. dxc5 Bxc5 9. Bg5 Be6 10. Nbd2 O-O
11. Nb3 Bb6 12. Nfd4 Bd7 13. Qf3 Nxd4 14. Nxd4 Bxd4 15. Bxd7 Qxd7 16. cxd4 Ne4 17. Bf4 Rac8 18. Rfc1 Qf5 19. Qe3 Rce8 20. Bg3 Nxg3
21. Qxg3 Re2 22. b3 g6 23. Re1 Rfe8 24. Kf1 Rxe1+ 25. Rxe1 Rxe1+ 26. Kxe1 Qb1+ 27. Ke2 Qxa2+ 28. Ke1 Qb1+ 29. Kd2 Qb2+ 30. Ke1 Qc1+
0-1

[Event "July 1800+"]
[Site "SchemingMind.com"]
[Date "2015.07.22"]
[Round "-"]
[White "frankly"]
[Black "Stephen Woodhouse"]
[Result "1-0"]
[WhiteCountry "ENG"]
[BlackCountry "ENG"]
[WhiteElo "2436"]
[WhiteRD "60"]
[BlackElo "1872"]
[BlackRD "48"]
[GameID "383785"]

1. d4 e6 2. e4 d5 3. Nc3 Nf6 4. Bg5 dxe4 5. Nxe4 Be7 6. Bxf6 Bxf6 7. Nf3 O-O 8. Bc4 Nc6 9. c3 e5 10. d5 Nb8
11. O-O Bg4 12. h3 Bxf3 13. Qxf3 Be7 14. Bb3 Nd7 15. Rad1 Nc5 16. d6 cxd6 17. Nxc5 Qc7 18. Qxb7
1-0

[Event "July 1800+"]
[Site "SchemingMind.com"]
[Date "2015.07.23"]
[Round "-"]
[White "GBEDARD"]
[Black "Stephen Woodhouse"]
[Result "1-0"]
[WhiteCountry "USA"]
[BlackCountry "ENG"]
[WhiteElo "2054"]
[WhiteRD "67"]
[BlackElo "1872"]
[BlackRD "48"]
[GameID "383834"]

1. e4 e6 2. d4 d5 3. Nc3 Nf6 4. e5 Nfd7 5. f4 c5 6. Nf3 Nc6 7. Be3 cxd4 8. Nxd4 Bc5 9. Qd2 Nxd4 10. Bxd4 Bxd4
11. Qxd4 Qb6 12. Nb5 Qxd4 13. Nxd4 Ke7 14. h4 h5 15. Rh3 Nc5 16. Rc3 b6 17. b4 Ne4 18. Rc7+ Bd7 19. Bb5 Rhd8 20. Nc6+ Ke8
21. Nxd8 Rxd8 22. a4
1-0

[Event "July 1800+"]
[Site "SchemingMind.com"]
[Date "2015.07.23"]
[Round "-"]
[White "Stephen Woodhouse"]
[Black "GBEDARD"]
[Result "0-1"]
[WhiteCountry "ENG"]
[BlackCountry "USA"]
[WhiteElo "1854"]
[WhiteRD "48"]
[BlackElo "2108"]
[BlackRD "64"]
[GameID "383835"]

1. e4 d6 2. d4 Nf6 3. Nc3 g6 4. f4 Bg7 5. Nf3 O-O 6. Bd3 Nc6 7. O-O e5 8. dxe5 dxe5 9. f5 gxf5 10. exf5 e4
11. Nxe4 Bxf5 12. Nxf6+ Qxf6 13. Bg5 Qg6 14. Bxf5 Qxf5 15. c3 Rae8 16. Qd2 Qc5+ 17. Kh1 Re6 18. Qf2 Qxf2 19. Rxf2 Rfe8 20. Kg1 Bf8
21. Kf1 Bc5 22. Rd2 Ne5 23. Nxe5 Rxe5 24. Bf4 Rf5 25. g3 Be3 26. Re2 Ree5 27. Rae1 Bxf4 28. gxf4 Rxf4+ 29. Kg2 Rxe2+ 30. Rxe2 Kg7
31. Re7 Rc4 32. Kf3 Kf6 33. Rd7 Rc5 34. Kf4 a6 35. Rd4 Rh5 36. Kg3 Ke6 37. h4 Ra5 38. a3 Rd5 39. Re4+ Re5 40. Rc4 c5
41. Kf3 f5 42. Ra4 Kd5 43. b4 Re4 44. Ra5 Rc4 45. b5 axb5 46. Rxb5 Kc6 47. Rb3 h5 48. Kg3 b5 49. Kh3 Ra4 50. Kg3 c4
51. Rb1 Rxa3 52. Rc1 b4
0-1

[Event "July 1800+"]
[Site "SchemingMind.com"]
[Date "2015.07.23"]
[Round "-"]
[White "GBEDARD"]
[Black "frankly"]
[Result "0-1"]
[WhiteCountry "USA"]
[BlackCountry "ENG"]
[WhiteElo "2108"]
[WhiteRD "64"]
[BlackElo "2460"]
[BlackRD "56"]
[GameID "383836"]

1. e4 c5 2. Nf3 Nc6 3. d4 cxd4 4. Nxd4 e5 5. Nb5 d6 6. c4 Nf6 7. N1c3 a6 8. Na3 Be7 9. Bd3 O-O 10. O-O Be6
11. Nc2 Nd7 12. b3 Rc8 13. Bb2 Nc5 14. Be2 a5 15. Bg4 Nb4 16. Ne3 Bg5 17. Nf5 Rc6 18. Bf3 Ncd3 19. Ba3 g6 20. Ne3 Nxf2
21. Kxf2 Bxe3+ 22. Kxe3 Rxc4 23. Bxb4 Rd4 24. Bxa5 Qxa5 25. Qe1 f5 26. exf5 Bxf5 27. Kf2 Qc5 28. Kg3 e4 29. Rd1 exf3 30. Rxd4 fxg2
31. Rdf4 gxf1=Q 32. Rxf1 g5 33. h3 Qd4 34. Kg2 b5 35. a3 Bxh3+ 36. Kxh3 Rxf1 37. Qxf1 Qxc3+ 38. Kg4 Qxb3 39. Qf5 Qc4+ 40. Kh3 Qc3+
41. Kg2 Qb2+ 42. Kh1 Qe5 43. Qc8+ Kg7 44. Kg2 h5 45. Qd8 h4
0-1

[Event "July 1800+"]
[Site "SchemingMind.com"]
[Date "2015.07.23"]
[Round "-"]
[White "frankly"]
[Black "GBEDARD"]
[Result "1-0"]
[WhiteCountry "ENG"]
[BlackCountry "USA"]
[WhiteElo "2460"]
[WhiteRD "56"]
[BlackElo "2108"]
[BlackRD "64"]
[GameID "383837"]

1. d4 Nf6 2. Nf3 e6 3. c4 c5 4. d5 exd5 5. cxd5 d6 6. e4 Bg4 7. Be2 Be7 8. h3 Bxf3 9. Bxf3 O-O 10. O-O Nbd7
11. Qc2 a6 12. Be3 b5 13. a4 Ne5 14. Be2 b4 15. Nd2 Re8 16. f4 Ng6 17. Rae1 Nd7 18. g3 Qc7 19. Bf3 a5 20. Be2 Bf6
21. h4 Rac8 22. h5 Ngf8 23. Ba6 Ra8 24. Bb5 Red8 25. h6 g6 26. e5 dxe5 27. f5 g5 28. Ne4 Rdb8 29. Qd1 Qd8 30. Qg4 Kh8
31. Bxg5 Bxg5 32. Nxg5 Qf6 33. Qh5 Rb6 34. d6 Rxb5 35. axb5 Nb6 36. Nxf7+ Kg8 37. Re4 Qxf7 38. Rg4+ Ng6 39. fxg6
1-0

[Event "July 1800+"]
[Site "SchemingMind.com"]
[Date "2015.07.27"]
[Round "-"]
[White "Geoffrey Rosser"]
[Black "GBEDARD"]
[Result "0-1"]
[WhiteCountry "ENG"]
[BlackCountry "USA"]
[WhiteElo "1855"]
[WhiteRD "78"]
[BlackElo "2108"]
[BlackRD "64"]
[GameID "383927"]

1. b3 e5 2. Bb2 Nc6 3. e3 Nf6 4. Bb5 Bd6 5. Nf3 e4 6. Nd4 O-O 7. Nf5 Be5 8. Bxe5 Nxe5 9. Nc3 d5 10. Nd4 c5
11. f4 Ng6 12. Nde2 a6 13. Ba4 d4 14. exd4 cxd4 15. Nxe4 Nxe4 16. b4 Qh4+ 17. g3 Qh3 18. d3 Qg2 19. Rf1 Bh3 20. dxe4 Qxf1+
21. Kd2 Qf3 22. Nxd4 Qf2+ 23. Kc1 Rfd8 24. c3 Rac8
0-1

[Event "July 1800+"]
[Site "SchemingMind.com"]
[Date "2015.07.27"]
[Round "-"]
[White "GBEDARD"]
[Black "Geoffrey Rosser"]
[Result "1-0"]
[WhiteCountry "USA"]
[BlackCountry "ENG"]
[WhiteElo "2108"]
[WhiteRD "64"]
[BlackElo "1855"]
[BlackRD "78"]
[GameID "383928"]

1. e4 e5 2. Nf3 Nc6 3. Bb5 Nf6 4. O-O Nxe4 5. d4 Nd6 6. Bxc6 dxc6 7. dxe5 Nf5 8. Qxd8+ Kxd8 9. Nc3 h6 10. h3 Be7
11. Rd1+ Ke8 12. Ne2 Be6 13. g4 Nh4 14. Nxh4 Bxh4 15. Nd4 Bd7 16. Nf5 Bxf5 17. gxf5 Rd8 18. Be3 a6 19. Rxd8+ Kxd8 20. Kg2 Kc8
21. Kf3 Rd8 22. Rg1 g5 23. fxg6 fxg6 24. Rxg6 Rf8+ 25. Ke2 Bg5 26. Bxg5 hxg5 27. Rxg5 Rh8 28. Rg3 Kd7 29. Ke3 Ke6 30. Ke4 Rh4+
31. f4 c5 32. Rg7
1-0

[Event "July 1800+"]
[Site "SchemingMind.com"]
[Date "2015.07.27"]
[Round "-"]
[White "Geoffrey Rosser"]
[Black "Stephen Woodhouse"]
[Result "1-0"]
[WhiteCountry "ENG"]
[BlackCountry "ENG"]
[WhiteElo "1855"]
[WhiteRD "78"]
[BlackElo "1854"]
[BlackRD "48"]
[GameID "383929"]

1. Nf3 e6 2. e4 d5 3. exd5 exd5 4. d4 Bd6 5. Bg5 Ne7 6. Bd3 O-O 7. O-O f6 8. Bd2 Bf5 9. Be2 Nd7 10. c4 dxc4
11. Bxc4+ Kh8 12. Nh4 Bg6 13. Nxg6+ hxg6 14. Qf3 Nf5 15. Qh3+ Nh6 16. Bxh6
1-0

[Event "July 1800+"]
[Site "SchemingMind.com"]
[Date "2015.07.27"]
[Round "-"]
[White "Stephen Woodhouse"]
[Black "Geoffrey Rosser"]
[Result "0-1"]
[WhiteCountry "ENG"]
[BlackCountry "ENG"]
[WhiteElo "1854"]
[WhiteRD "48"]
[BlackElo "1855"]
[BlackRD "78"]
[GameID "383930"]

1. e4 e5 2. Nf3 Nc6 3. d4 exd4 4. Nxd4 Nxd4 5. Qxd4 Nf6 6. Nc3 d6 7. Bg5 Be7 8. O-O-O c5 9. Qd2 O-O 10. Bxf6 Bxf6
11. Qxd6 Qa5 12. e5 Bg5+ 13. Kb1 Be6 14. Qd3 Rad8 15. Qe2 Rxd1+ 16. Qxd1 Rd8 17. Qe1 Bxa2+
0-1

[Event "July 1800+"]
[Site "SchemingMind.com"]
[Date "2015.07.27"]
[Round "-"]
[White "Geoffrey Rosser"]
[Black "frankly"]
[Result "0-1"]
[WhiteCountry "ENG"]
[BlackCountry "ENG"]
[WhiteElo "1855"]
[WhiteRD "78"]
[BlackElo "2460"]
[BlackRD "56"]
[GameID "383931"]

1. b3 e5 2. Bb2 Nc6 3. e3 Nf6 4. Bb5 e4 5. Nc3 d5 6. Nge2 Bd6 7. Nd4 Bd7 8. Nxc6 bxc6 9. Be2 Qe7 10. d3 O-O
11. dxe4 dxe4 12. Qd2 Rfd8 13. O-O-O Bb4 14. f3 Bh3 15. Qe1 Rxd1+ 16. Bxd1 Bxg2 17. Rg1 exf3 18. e4 Nxe4 19. Qxe4 f2 20. Qxg2 Qe3+
21. Kb1 fxg1=Q
0-1

[Event "July 1800+"]
[Site "SchemingMind.com"]
[Date "2015.07.27"]
[Round "-"]
[White "frankly"]
[Black "Geoffrey Rosser"]
[Result "1-0"]
[WhiteCountry "ENG"]
[BlackCountry "ENG"]
[WhiteElo "2460"]
[WhiteRD "56"]
[BlackElo "1855"]
[BlackRD "78"]
[GameID "383932"]

1. d4 d5 2. Nf3 e6 3. c4 c5 4. cxd5 cxd4 5. dxe6 Bxe6 6. Nxd4 Bb4+ 7. Nc3 Bd7 8. Qb3 Bxc3+ 9. bxc3 b6 10. Ba3 Ne7
11. Rd1 O-O 12. e3 Re8 13. Bc4 Rf8 14. Bd5 Nxd5 15. Qxd5 Ba4 16. Qxa8 Bxd1 17. Bxf8 Kxf8 18. Kxd1
1-0

[Event "July 1800+"]
[Site "SchemingMind.com"]
[Date "2015.07.30"]
[Round "-"]
[White "Greg Magne"]
[Black "Geoffrey Rosser"]
[Result "1-0"]
[WhiteCountry "CAN"]
[BlackCountry "ENG"]
[WhiteElo "1867"]
[WhiteRD "70"]
[BlackElo "1855"]
[BlackRD "78"]
[GameID "383968"]

1. e4 e5 2. f4 exf4 3. Bc4 Nf6 4. Qe2 Bc5 5. Nf3 Nc6 6. c3 O-O 7. d4 d5 8. dxc5 dxc4 9. Bxf4 Nxe4 10. O-O Nxc5
11. Qxc4 Ne6 12. Bg3 Ne7 13. Nbd2 Qd5 14. Qb4 c5 15. Qb3 Qxb3 16. axb3 Nf5 17. Bf2 b6 18. Nc4 Ba6 19. Rxa6 Nf4 20. Rfa1 Nd3
21. Nxb6 Rad8 22. Nc4 Nxf2 23. Kxf2 Rd7 24. Rxa7 Rxa7 25. Rxa7 g6 26. Rc7 Rb8 27. Nfd2
1-0

[Event "July 1800+"]
[Site "SchemingMind.com"]
[Date "2015.07.29"]
[Round "-"]
[White "Geoffrey Rosser"]
[Black "Greg Magne"]
[Result "1-0"]
[WhiteCountry "ENG"]
[BlackCountry "CAN"]
[WhiteElo "1841"]
[WhiteRD "78"]
[BlackElo "1807"]
[BlackRD "71"]
[GameID "383969"]

1. e4 c5 2. Nc3 Nc6 3. f4 g6 4. Nf3 Bg7 5. Bc4 e6 6. Nb5 d6 7. O-O a6 8. Nc3 b5 9. Be2 Bb7 10. d3 Nge7
11. Qe1 O-O 12. Nd1 d5 13. exd5 Nxd5 14. c3 Re8 15. Ng5 Qc7 16. Qh4 h6 17. Ne4 Nce7 18. Rf3 f5 19. Nef2 Kh7 20. Rh3 b4
21. c4 Nf6 22. b3 a5 23. Bb2 Neg8 24. Be5 Qd7 25. Ne3 Nh5 26. Bxh5 Bxe5 27. Bxg6+ Kxg6 28. Qh5+ Kh7 29. fxe5 Re7 30. Rd1 Rg7
31. Rg3 Rxg3 32. hxg3 Rf8 33. Nh3 Qg7 34. Qh4 Ne7 35. d4 Ng6 36. Ng5+ Kg8 37. Nxe6 Qf7 38. Nd8 Qg7 39. Qh3 Qe7 40. Nxb7 Qxb7
41. Nxf5 cxd4 42. Nxh6+ Kg7 43. Nf5+ Kg8 44. Qg4 Kf7 45. Nd6+
1-0

[Event "July 1800+"]
[Site "SchemingMind.com"]
[Date "2015.07.29"]
[Round "-"]
[White "Greg Magne"]
[Black "GBEDARD"]
[Result "0-1"]
[WhiteCountry "CAN"]
[BlackCountry "USA"]
[WhiteElo "1867"]
[WhiteRD "70"]
[BlackElo "2108"]
[BlackRD "64"]
[GameID "383970"]

1. d4 Nf6 2. c4 e6 3. Nc3 c5 4. Nf3 cxd4 5. Nxd4 Bb4 6. Qc2 Nc6 7. Nxc6 dxc6 8. Bg5 Qa5 9. Bd2 O-O 10. a3 Bxc3
11. Bxc3 Qg5 12. g3 e5 13. Bg2 Be6 14. b3 a5 15. h4 Qh5 16. O-O-O a4 17. f3 axb3 18. Qxb3 Qh6+ 19. Kb2 b5 20. g4 bxc4
21. Qc2 Rfb8+ 22. Ka2 Qe3 23. a4 Rb3 24. g5 Rxa4#
0-1

[Event "July 1800+"]
[Site "SchemingMind.com"]
[Date "2015.07.29"]
[Round "-"]
[White "GBEDARD"]
[Black "Greg Magne"]
[Result "1-0"]
[WhiteCountry "USA"]
[BlackCountry "CAN"]
[WhiteElo "2117"]
[WhiteRD "68"]
[BlackElo "1845"]
[BlackRD "73"]
[GameID "383971"]

1. e4 e5 2. Nf3 Nc6 3. Bb5 f5 4. Nc3 fxe4 5. Nxe5 Nxe5 6. Nxe4 Nf6 7. Nxf6+ Qxf6 8. d4 Ng6 9. O-O a6 10. Bc4 b5
11. Bd5 Rb8 12. a4 Bb7 13. Bb3 Be7 14. axb5 axb5 15. Qh5 d5 16. Be3 O-O 17. Bxd5+ Bxd5 18. Qxd5+ Kh8 19. Ra7 Bd6 20. Bg5 Qf5
21. Qxf5 Rxf5 22. Be3 b4 23. c4 Rff8 24. c5 Bf4 25. g3 Bxe3 26. fxe3 c6 27. Rxf8+ Rxf8 28. Rc7 Kg8 29. Rxc6 Rb8 30. Kf2 Ne7
31. Ra6 b3 32. e4 Kf8 33. d5 Ke8 34. d6 Ng6 35. Ke3 Kd7 36. Ra7+ Kc6 37. Rc7+ Kb5 38. Kd4 Nf8 39. Kd5 g6 40. c6
1-0

[Event "July 1800+"]
[Site "SchemingMind.com"]
[Date "2015.07.29"]
[Round "-"]
[White "Greg Magne"]
[Black "Stephen Woodhouse"]
[Result "1/2-1/2"]
[WhiteCountry "CAN"]
[BlackCountry "ENG"]
[WhiteElo "1867"]
[WhiteRD "70"]
[BlackElo "1854"]
[BlackRD "48"]
[GameID "383972"]

1. e4 e6 2. d4 d5 3. Nc3 Nf6 4. Bg5 dxe4 5. Nxe4 Be7 6. Nxf6+ Bxf6 7. Bxf6 Qxf6 8. Nf3 O-O 9. Bd3 Nd7 10. O-O e5
11. dxe5 Nxe5 12. Nxe5 Qxe5 13. c3 Bf5 14. Bxf5 Qxf5 15. Qb3 b6 16. Rad1 Rad8 17. h3=
1/2-1/2

[Event "July 1800+"]
[Site "SchemingMind.com"]
[Date "2015.07.29"]
[Round "-"]
[White "Stephen Woodhouse"]
[Black "Greg Magne"]
[Result "0-1"]
[WhiteCountry "ENG"]
[BlackCountry "CAN"]
[WhiteElo "1854"]
[WhiteRD "48"]
[BlackElo "1867"]
[BlackRD "70"]
[GameID "383973"]

1. e4 c5 2. c3 d5 3. exd5 Qxd5 4. d4 Nf6 5. Nf3 Bg4 6. Be2 Nc6 7. h3 Bh5 8. O-O cxd4 9. cxd4 e6 10. Nc3 Qd7
11. Ne5 Nxe5 12. dxe5 Bxe2 13. Qxe2 Nd5 14. Nxd5 Qxd5 15. Rd1 Qc6 16. Be3 Be7 17. Rac1 Qa4 18. Qc4 Qxc4 19. Rxc4 Bd8 20. Bc5 Rc8
21. Rcc1 b6 22. Bd6 Rxc1 23. Rxc1 Kd7 24. f3 f6 25. Kf2 g6 26. Ke3 fxe5 27. Bxe5 Rf8 28. Ke4 Rf5 29. g4 Rf7 30. Bb8 a6
31. a4 h6 32. Bf4 Rxf4+ 33. Kxf4 Bg5+
0-1

[Event "July 1800+"]
[Site "SchemingMind.com"]
[Date "2015.07.29"]
[Round "-"]
[White "Greg Magne"]
[Black "frankly"]
[Result "0-1"]
[WhiteCountry "CAN"]
[BlackCountry "ENG"]
[WhiteElo "1867"]
[WhiteRD "70"]
[BlackElo "2460"]
[BlackRD "56"]
[GameID "383974"]

1. d4 Nf6 2. c4 e6 3. Nc3 d5 4. Bg5 Nbd7 5. e3 Be7 6. Nf3 h6 7. Bh4 O-O 8. Be2 b6 9. cxd5 Nxd5 10. Bxe7 Qxe7
11. O-O Bb7 12. Qc2 c5 13. Rac1 Nxc3 14. bxc3 Nf6 15. Rfe1 Rac8 16. Qb2 Rc7 17. Nd2 Rfc8 18. Bd3 cxd4 19. cxd4 Nd5 20. Nb3 Nc3
21. Nc5 Nxa2 22. Qxa2 bxc5 23. Qxa7 c4 24. Bb1 Bxg2 25. Rxc4 Bf3 26. Rec1 Qg5+ 27. Kf1 Qg2+ 28. Ke1 Qg1+ 29. Kd2 Qxf2+
0-1

[Event "July 1800+"]
[Site "SchemingMind.com"]
[Date "2015.07.29"]
[Round "-"]
[White "frankly"]
[Black "Greg Magne"]
[Result "1-0"]
[WhiteCountry "ENG"]
[BlackCountry "CAN"]
[WhiteElo "2460"]
[WhiteRD "56"]
[BlackElo "1867"]
[BlackRD "70"]
[GameID "383975"]

1. d4 d5 2. Nf3 e6 3. Bf4 c5 4. e3 Nc6 5. c4 Nf6 6. Nc3 a6 7. Be2 Nh5 8. Bg5 Be7 9. Bxe7 Kxe7 10. dxc5 Nf6
11. O-O dxc4 12. Qa4 Qa5 13. Qxc4 Rd8 14. b3 Bd7 15. Ne4 Nd5 16. a3 b5 17. Qc2 Kf8 18. Nd6 Nf6 19. b4 Qc7 20. Ng5 Be8
21. Nxh7+ Nxh7 22. Qxh7
1-0

[Event "July 1800+"]
[Site "SchemingMind.com"]
[Date "2015.07.30"]
[Round "-"]
[White "Greg Magne"]
[Black "xarxziux"]
[Result "0-1"]
[WhiteCountry "CAN"]
[BlackCountry "IRL"]
[WhiteElo "1845"]
[WhiteRD "73"]
[BlackElo "1987"]
[BlackRD "67"]
[GameID "383982"]

1. e4 d6 2. d4 Nf6 3. Nc3 e5 4. Bg5 Be7 5. Nf3 Nbd7 6. Be2 O-O 7. h4 c6 8. h5 h6 9. Bh4 Re8 10. Qd2 exd4
11. Nxd4 Nxe4 12. Nxe4 Bxh4 13. Nxd6 Bxf2+ 14. Kxf2 Nc5 15. Qf4 Qxd6 16. Qxd6 Ne4+ 17. Kf3 Nxd6 18. Bd3 Bd7 19. Rae1 Rxe1 20. Rxe1 Kf8
21. Kf4 Re8 22. Rxe8+ Kxe8 23. a4 Ke7 24. a5 Kf6 25. b4 g5+ 26. Ke3 Nf5+ 27. Nxf5 Bxf5 28. c4 Bxd3 29. Kxd3 Ke5 30. Ke3 f5
31. g3 f4+ 32. gxf4+ gxf4+ 33. Kf3 Kf5
0-1

[Event "July 1800+"]
[Site "SchemingMind.com"]
[Date "2015.07.29"]
[Round "-"]
[White "xarxziux"]
[Black "Greg Magne"]
[Result "1-0"]
[WhiteCountry "IRL"]
[BlackCountry "CAN"]
[WhiteElo "1955"]
[WhiteRD "66"]
[BlackElo "1807"]
[BlackRD "71"]
[GameID "383983"]

1. Nf3 d5 2. g3 c5 3. Bg2 Nc6 4. d4 cxd4 5. Nxd4 e5 6. Nxc6 bxc6 7. c4 Be6 8. Nc3 Bb4 9. cxd5 Bxd5 10. e4 Be6
11. Qa4 Bxc3+ 12. bxc3 Qc7 13. Ba3 Ne7 14. O-O O-O 15. Bxe7 Qxe7 16. Qxc6 Rac8 17. Qb5 Rxc3 18. Qxe5 Rfc8 19. h4 Qa3 20. h5 h6
21. Rfd1 Rc2 22. Qd4 Rxa2 23. Rxa2 Qxa2 24. Ra1 Qb3 25. Rxa7 Rc1+ 26. Kh2 Rd1 27. Qe5 Qb4 28. Bh3 Bxh3 29. Ra8+ Kh7 30. Kxh3 Qb7
31. Rf8 Qd7+ 32. Kg2 Re1 33. Qb8 g6 34. Qe5 gxh5 35. Qh8+ Kg6 36. Rg8#
1-0

[Event "July 1800+"]
[Site "SchemingMind.com"]
[Date "2015.07.29"]
[Round "-"]
[White "Geoffrey Rosser"]
[Black "xarxziux"]
[Result "1/2-1/2"]
[WhiteCountry "ENG"]
[BlackCountry "IRL"]
[WhiteElo "1839"]
[WhiteRD "77"]
[BlackElo "1987"]
[BlackRD "67"]
[GameID "383984"]

1. e4 d6 2. d4 Nf6 3. Nc3 e5 4. dxe5 dxe5 5. Qxd8+ Kxd8 6. Bc4 Bb4 7. f3 Bxc3+ 8. bxc3 Be6 9. Bb3 c5 10. Bxe6 fxe6
11. Ba3 b6 12. O-O-O+ Kc7 13. Ne2 Nc6 14. Rd3 Na5 15. Rhd1 Nc4 16. Bb2 Rad8 17. Kb1 Nxb2 18. Kxb2 c4 19. Rxd8 Rxd8 20. Rxd8 Kxd8
21. Ka3 Ne8 22. Kb4 Nd6 23. a4 a5+ 24. Ka3 Ke7 25. Kb2 Nb7 26. Ng3 Nc5 27. Ka3 g6 28. Nf1 Nb7 29. Ne3 Nd6 30. Ng4 Nf7
31. Ne3=
1/2-1/2

[Event "July 1800+"]
[Site "SchemingMind.com"]
[Date "2015.07.29"]
[Round "-"]
[White "xarxziux"]
[Black "Geoffrey Rosser"]
[Result "1/2-1/2"]
[WhiteCountry "IRL"]
[BlackCountry "ENG"]
[WhiteElo "1955"]
[WhiteRD "66"]
[BlackElo "1841"]
[BlackRD "78"]
[GameID "383985"]

1. Nf3 c5 2. g3 b6 3. Bg2 Bb7 4. O-O e6 5. c4 Nc6 6. Nc3 Nf6 7. d4 Nxd4 8. Nxd4 Bxg2 9. Nxe6 dxe6 10. Kxg2 a6
11. a4 Be7 12. a5 Qc7 13. Bf4 Qc6+ 14. Kg1 b5 15. cxb5 axb5 16. Qb3 b4 17. Nd1 O-O 18. Ne3 Ne4 19. Nc4 Ng5 20. f3 Nh3+
21. Kg2 Nxf4+ 22. gxf4 Bd6 23. e3 Bc7 24. Rad1 Bxa5 25. Rf2 Bc7 26. Rfd2 Rad8 27. Ne5 Qb5 28. Kf2 Rxd2+ 29. Rxd2 Bxe5 30. fxe5 c4
31. Qc2 Qxe5 32. f4 Qh5 33. Qxc4 Qxh2+ 34. Ke1 Qh1+ 35. Ke2 Qb7 36. Kf2 h6 37. Rd4 Rc8 38. Qxb4 Qxb4 39. Rxb4 g5 40. fxg5 hxg5
41. Rg4 f6 42. Kf3 Kf7 43. Rg1 Rc2 44. Rb1 f5 45. b4 Ke7 46. b5 Kd7 47. b6 Kc8 48. b7+ Kb8 49. Rb6 e5 50. Rb5 e4+
51. Kg3 f4+ 52. exf4 gxf4+ 53. Kxf4 Rc7=
1/2-1/2

[Event "July 1800+"]
[Site "SchemingMind.com"]
[Date "2015.07.29"]
[Round "-"]
[White "xarxziux"]
[Black "GBEDARD"]
[Result "0-1"]
[WhiteCountry "IRL"]
[BlackCountry "USA"]
[WhiteElo "1955"]
[WhiteRD "66"]
[BlackElo "2100"]
[BlackRD "68"]
[GameID "383987"]

1. Nf3 Nf6 2. g3 g6 3. Bg2 Bg7 4. O-O O-O 5. c4 d6 6. d4 Nc6 7. Nc3 a6 8. e4 Bg4 9. Be3 Nd7 10. Ne2 Na5
11. Rc1 c5 12. b3 Nc6 13. d5 Na5 14. Ne1 Nf6 15. h3 Bd7 16. Nd3 b5 17. f4 Qc7 18. e5 Ne8 19. e6 fxe6 20. dxe6 Bxe6
21. Bxa8 bxc4 22. bxc4 Nxc4 23. Bf2 Qa5 24. Ne1 Nc7 25. Bg2 Nd2 26. Nf3 Nxf1 27. Bxf1 Qa3 28. Ng5 Bxa2 29. Qd2 Bd5 30. Nc3 Qa5
31. Bg2 Bxg2 32. Kxg2 Kh8 33. Qd3 Qa3 34. Qd2 a5 35. Rc2 Qb3 36. Nce4 a4 37. Nxc5 dxc5 38. Bxc5 Ne6 39. Bxe7 Nxf4+ 40. Kh2 Re8
41. gxf4 h6 42. Qf2 hxg5 43. fxg5 Be5+ 44. Kg2 Qb7+ 45. Kg1 Qxe7 46. Qh4+ Kg8 47. Qxa4 Rb8 48. Qc4+ Kg7 49. h4 Qa3
0-1

[Event "July 1800+"]
[Site "SchemingMind.com"]
[Date "2015.07.29"]
[Round "-"]
[White "Stephen Woodhouse"]
[Black "xarxziux"]
[Result "1-0"]
[WhiteCountry "ENG"]
[BlackCountry "IRL"]
[WhiteElo "1881"]
[WhiteRD "49"]
[BlackElo "1987"]
[BlackRD "67"]
[GameID "383988"]

1. e4 d6 2. d4 Nf6 3. Nc3 e5 4. Nf3 Nbd7 5. Bc4 Be7 6. O-O O-O 7. Bg5 c6 8. Bb3 b5 9. a3 a6 10. Qd2 h6
11. Bh4 Bb7 12. Rad1 exd4 13. Nxd4 Nxe4 14. Nxe4 Bxh4 15. Nxd6 Qc7 16. Nxb7 Qxb7 17. Nf5 Bxf2+ 18. Rxf2 Nc5 19. Nd6 Qa7 20. Rxf7 Rxf7
21. Bxf7+ Kh8 22. Kh1 Rd8 23. Bg6 Kg8 24. Qe3
1-0

[Event "July 1800+"]
[Site "SchemingMind.com"]
[Date "2015.07.28"]
[Round "-"]
[White "xarxziux"]
[Black "Stephen Woodhouse"]
[Result "1/2-1/2"]
[WhiteCountry "IRL"]
[BlackCountry "ENG"]
[WhiteElo "1987"]
[WhiteRD "67"]
[BlackElo "1881"]
[BlackRD "49"]
[GameID "383989"]

1. Nf3 e6 2. g3 d5 3. Bg2 Nf6 4. O-O c5 5. d4 Nc6 6. c4 Be7 7. cxd5 exd5 8. Nc3 O-O 9. Bg5 c4 10. Ne5 Be6
11. f4 h6 12. Bxf6 Bxf6 13. f5 Bxe5 14. dxe5 Qb6+ 15. Kh1 Qxb2 16. fxe6 fxe6 17. Rxf8+ Rxf8 18. Qc1 Qxc1+ 19. Rxc1 a6 20. a4 Nxe5
21. a5 Nc6 22. Nxd5 exd5 23. Bxd5+ Kh8 24. Bxc6 bxc6 25. Rxc4=
1/2-1/2

[Event "July 1800+"]
[Site "SchemingMind.com"]
[Date "2015.07.29"]
[Round "-"]
[White "frankly"]
[Black "xarxziux"]
[Result "1-0"]
[WhiteCountry "ENG"]
[BlackCountry "IRL"]
[WhiteElo "2454"]
[WhiteRD "56"]
[BlackElo "1955"]
[BlackRD "66"]
[GameID "383990"]

1. d4 d6 2. e4 Nf6 3. Nc3 e5 4. dxe5 dxe5 5. Qxd8+ Kxd8 6. Nf3 Bd6 7. Be3 Ke7 8. O-O-O Be6 9. Nd5+ Bxd5 10. exd5 Nbd7
11. h3 a5 12. Bb5 Rhd8 13. Rhe1 Ne8 14. Bxd7 Rxd7 15. c4 b6 16. Nxe5 Bxe5 17. Bd4 f6 18. f4 Kf8 19. fxe5 fxe5 20. Bxe5 Nd6
21. b3 Re8 22. Re2 Rde7 23. Rde1 Kf7 24. Kd2 Rd7 25. Bh2 Rxe2+ 26. Rxe2 a4 27. Kc3 axb3 28. axb3 Kf8 29. Kb4 Nb7 30. Kb5 Rf7
31. Ra2
1-0

[Event "July 1800+"]
[Site "SchemingMind.com"]
[Date "2015.07.28"]
[Round "-"]
[White "xarxziux"]
[Black "frankly"]
[Result "0-1"]
[WhiteCountry "IRL"]
[BlackCountry "ENG"]
[WhiteElo "1987"]
[WhiteRD "67"]
[BlackElo "2463"]
[BlackRD "57"]
[GameID "383991"]

1. Nf3 d5 2. g3 Nf6 3. Bg2 c5 4. O-O e6 5. d4 cxd4 6. Nxd4 e5 7. Nb3 Be6 8. Nc3 Be7 9. f4 exf4 10. Bxf4 Nc6
11. Qd3 O-O 12. Rad1 Qb6+ 13. Kh1 Rad8 14. a3 a6 15. Na4 Qa7 16. Be3 Qb8 17. Bf4 Bd6 18. Bg5 Ne5 19. Qd4 Neg4 20. Nac5 Bc8
21. h3 Nh5 22. Bf4 Bxf4
0-1

[Event "July 1800+"]
[Site "SchemingMind.com"]
[Date "2015.07.30"]
[Round "-"]
[White "Greg Magne"]
[Black "Glenn O'Brien"]
[Result "0-1"]
[WhiteCountry "CAN"]
[BlackCountry "AUS"]
[WhiteElo "1845"]
[WhiteRD "73"]
[BlackElo "2013"]
[BlackRD "68"]
[GameID "384063"]

1. e4 e5 2. Nf3 Nc6 3. Bb5 a6 4. Ba4 Nf6 5. O-O Be7 6. Re1 b5 7. Bb3 O-O 8. c3 d6 9. h3 Na5 10. Bc2 c5
11. d4 Qc7 12. Nbd2 cxd4 13. cxd4 Nc6 14. d5 Nb4 15. Bb1 a5 16. Nf1 Bd7 17. Ng3 Rfc8 18. Be3 h6 19. a3 Nc2 20. Bxc2 Qxc2
21. Re2 Qxd1+ 22. Rxd1 Rc4 23. Rc1 Nxe4 24. Nxe4 Rxe4 25. Rc7 Rd8 26. Rec2 Bf6 27. Nd2 Ra4 28. Ra7 Bf5 29. Rcc7 b4 30. axb4 Rxb4
31. b3 Rb5 32. Rxf7 Rxd5 33. Rfb7 e4 34. Nc4 Bc8 35. Rb6 Rd1+ 36. Kh2 d5 37. Nxa5 Be5+ 38. g3 d4 39. Bxh6 d3 40. Nc4 Bd4
41. Rg6 Kh7
0-1

[Event "July 1800+"]
[Site "SchemingMind.com"]
[Date "2015.07.30"]
[Round "-"]
[White "Glenn O'Brien"]
[Black "Greg Magne"]
[Result "1-0"]
[WhiteCountry "AUS"]
[BlackCountry "CAN"]
[WhiteElo "2051"]
[WhiteRD "67"]
[BlackElo "1867"]
[BlackRD "70"]
[GameID "384064"]

1. e4 Nf6 2. e5 Nd5 3. d4 d6 4. Nf3 Bg4 5. Be2 Nc6 6. O-O g6 7. e6 fxe6 8. Ng5 Bxe2 9. Qxe2 Nxd4 10. Qd3 Bg7
11. c3 h6 12. Qxg6+
1-0